000 00638nam a2200229 i 4500
001 C2-0297678
003 PPAK
005 20180728075853.0
008 090520s1948 ii |||| ||||| | tam d
040 _aPPAK
_beng
_cPPAK
_erda
082 0 4 _a398.9
_223
090 0 0 _a398.9
_bPIL
_dG
100 1 _aPillai, Pulavar M Rasamanikkam,
_eauthor
245 1 0 _aPalamoli naanurij
264 1 _aChennai, India :
_bSaira Sitthantha Noorpathi Kazhagam ,
_c1948
300 _a416 pages ;
_c18 cm
336 _2rdacontent
_atext
337 _2rdamedia
_aunmediated
338 _2rdacarrier
_avolume
650 1 0 _aProverbs, Tamil
942 _ddc
_cB
999 _c102044
_d102044